[Event "HUN-chT2 Barcza 1617"]
[Site "Hungary"]
[Date "2017.04.09"]
[Round "11.2"]
[White "Juhasz, Laszlo"]
[Black "Dovzik, Juri"]
[Result "1/2-1/2"]
[WhiteElo "2133"]
[BlackElo "2284"]
[PlyCount "104"]
[EventDate "2016.09.25"]
[EventType "team-tourn"]
[EventRounds "11"]
[EventCountry "HUN"]
[SourceTitle "EXT 2021"]
[Source "ChessBase"]
[SourceDate "2020.10.23"]
[SourceVersion "1"]
[SourceVersionDate "2020.10.23"]
[SourceQuality "1"]
[WhiteTeam "Tiszavasvar"]
[BlackTeam "Kazincbarcika"]
[WhiteTeamCountry "HUN"]
[BlackTeamCountry "HUN"]

1. e4 c5 2. Nf3 e6 3. d4 cxd4 4. Nxd4 Nc6 5. Nc3 Qc7 6. Be3 a6 7. Be2 Nf6 8. 0-0 Be7 9. a4 0-0 10. Kh1 Bb4 11. Nxc6 bxc6 12. f3 d5 13. Bd3 Rd8 14. Bg5 Be7 15. Qe2 h6 16. Bd2 c5 17. exd5 exd5 18. Rae1 Bd6 19. g4 c4 20. Bf5 Bxf5 21. gxf5 Bf4 22. Bxf4 Qxf4 23. Qe5 Qxe5 24. Rxe5 Rab8 25. Rb1 Rb4 26. b3 cxb3 27. cxb3 d4 28. Na2 Rb6 29. b4 d3 30. b5 d2 31. Rd1 axb5 32. Rxb5 Rbd6 33. Rb2 Rd4 34. Nc3 Rc4 35. Ne2 Rxa4 36. Rbxd2 Rxd2 37. Rxd2 h5 38. Kg2 Kh7 39. Kg3 Ra5 40. Kf4 Ra4+ 41. Kg3 Ng8 42. Rd5 Ra2 43. Nc3 Nf6 44. Nxa2 Nxd5 45. h4 Kg8 46. Nc1 Kf8 47. Nd3 Ke7 48. Nf4 Nf6 49. Nh3 Nd5 50. Nf4 Nf6 51. Nh3 Nd5 52. Nf4 Nf6 1/2-1/2

[Event "HUN-chT2 Breyer 0809"]
[Site "Hungary"]
[Date "2009.04.05"]
[Round "10"]
[White "Szuts, Janos"]
[Black "Juhasz, Laszlo"]
[Result "1/2-1/2"]
[WhiteElo "2009"]
[BlackElo "2176"]
[PlyCount "86"]
[EventDate "2008.10.26"]
[EventType "team-tourn"]
[EventRounds "11"]
[EventCountry "HUN"]
[SourceTitle "EXT 2010"]
[Source "ChessBase"]
[SourceDate "2010.11.25"]
[SourceVersion "1"]
[SourceVersionDate "2010.11.25"]
[SourceQuality "1"]
[WhiteTeam "Vertesi Eromu"]
[BlackTeam "Tatai Honved"]
[WhiteTeamCountry "HUN"]
[BlackTeamCountry "HUN"]

1. e4 d5 2. exd5 Qxd5 3. Nc3 Qa5 4. d4 Nf6 5. Bd2 Qb6 6. Nf3 Bg4 7. Be2 Bxf3 8. Bxf3 Nc6 9. Bxc6+ Qxc6 10. 0-0 0-0-0 11. Ne2 e5 12. c3 h6 13. Qc2 exd4 14. Qf5+ Qd7 15. Qxd7+ Rxd7 16. Nxd4 g5 17. Rad1 Bc5 18. Nb3 Rhd8 19. Rfe1 Bb6 20. Re2 Nh5 21. Rde1 f5 22. Kf1 f4 23. Bc1 Nf6 24. h3 Rd3 25. Rd2 g4 26. Rxd3 Rxd3 27. Ke2 Rd5 28. Bxf4 gxh3 29. gxh3 Rh5 30. Kf1 Rxh3 31. Kg2 Rh4 32. Be3 Rg4+ 33. Kf3 h5 34. Bxb6 axb6 35. Nd4 Kd7 36. Re5 Rg6 37. Nf5 Ng4 38. Re7+ Kd8 39. Rh7 Nf6 40. Rh8+ Kd7 41. Rb8 Rg5 42. Kf4 Rg2 43. Kf3 Rg5 1/2-1/2

[Event "HUN-chT2 Breyer 0809"]
[Site "Hungary"]
[Date "2008.12.21"]
[Round "4"]
[White "Somogyi, Gabor"]
[Black "Juhasz, Laszlo"]
[Result "1/2-1/2"]
[WhiteElo "1925"]
[BlackElo "2176"]
[PlyCount "79"]
[EventDate "2008.10.26"]
[EventType "team-tourn"]
[EventRounds "11"]
[EventCountry "HUN"]
[SourceTitle "EXT 2010"]
[Source "ChessBase"]
[SourceDate "2010.11.25"]
[SourceVersion "1"]
[SourceVersionDate "2010.11.25"]
[SourceQuality "1"]
[WhiteTeam "Dunaharaszti II"]
[BlackTeam "Tatai Honved"]
[WhiteTeamCountry "HUN"]
[BlackTeamCountry "HUN"]

1. e4 d5 2. exd5 Qxd5 3. Nc3 Qa5 4. d4 Nf6 5. Bd2 Qb6 6. Nf3 Bg4 7. Be2 Bxf3 8. Bxf3 Nc6 9. Bxc6+ Qxc6 10. 0-0 0-0-0 11. Ne2 Ne4 12. c3 Nxd2 13. Qxd2 e5 14. Qc2 exd4 15. Qf5+ Qd7 16. Qxd7+ Rxd7 17. Nxd4 Be7 18. Rfe1 Bf6 19. Nf3 Rhd8 20. Re2 g5 21. h3 h5 22. Rae1 Rd5 23. Re8 Kd7 24. Rxd8+ Kxd8 25. Re2 b5 26. Rd2 Rxd2 27. Nxd2 a5 28. Kf1 a4 29. Ke2 Kd7 30. Kd3 c5 31. b3 axb3 32. axb3 Ke6 33. c4 b4 34. g4 hxg4 35. hxg4 Ke5 36. Ke3 Be7 37. Nf3+ Ke6 38. Ke4 f6 39. Ne1 Bd6 40. Nd3 1/2-1/2

[Event "HUN-chT2 Breyer 0809"]
[Site "Hungary"]
[Date "2008.11.30"]
[Round "3"]
[White "Juhasz, Laszlo"]
[Black "Banyai, Sandor"]
[Result "0-1"]
[WhiteElo "2176"]
[BlackElo "2071"]
[PlyCount "42"]
[EventDate "2008.10.26"]
[EventType "team-tourn"]
[EventRounds "11"]
[EventCountry "HUN"]
[SourceTitle "EXT 2010"]
[Source "ChessBase"]
[SourceDate "2010.11.25"]
[SourceVersion "1"]
[SourceVersionDate "2010.11.25"]
[SourceQuality "1"]
[WhiteTeam "Tatai Honved"]
[BlackTeam "Kisber Aszar"]
[WhiteTeamCountry "HUN"]
[BlackTeamCountry "HUN"]

1. e4 d6 2. d4 Nf6 3. Nc3 g6 4. Bg5 Nbd7 5. Qd2 h6 6. Bf4 e5 7. dxe5 dxe5 8. Bg3 Bg7 9. Be2 0-0 10. 0-0-0 Qe7 11. h4 c6 12. Nh3 Nc5 13. f3 Nh5 14. Bf2 Bxh3 15. Rxh3 Nf4 16. Rh2 Rfd8 17. Qe3 Nxe2+ 18. Nxe2 Rxd1+ 19. Kxd1 Rd8+ 20. Kc1 Na4 21. Rh1 Qb4 0-1

[Event "HUN-chT2 Toth 0506"]
[Site "Hungary"]
[Date "2006.02.26"]
[Round "8"]
[White "Rozsnyai, Tamas"]
[Black "Juhasz, Laszlo"]
[Result "1-0"]
[WhiteElo "2172"]
[BlackElo "2209"]
[PlyCount "63"]
[EventDate "2005.10.16"]
[EventType "team"]
[EventRounds "11"]
[EventCountry "HUN"]
[SourceTitle "EXT 2009"]
[Source "ChessBase"]
[SourceDate "2008.11.26"]
[SourceVersion "1"]
[SourceVersionDate "2008.11.26"]
[SourceQuality "1"]
[WhiteTeam "Mako"]
[BlackTeam "GyD"]
[WhiteTeamCountry "HUN"]
[BlackTeamCountry "HUN"]

1. c4 Nf6 2. Nc3 c5 3. g3 d5 4. cxd5 Nxd5 5. Bg2 Nc7 6. Nf3 Nc6 7. 0-0 e5 8. d3 Be7 9. Qb3 0-0 10. Be3 Rb8 11. Ne4 b6 12. Nfd2 Na5 13. Qc3 f6 14. Nc4 Nd5 15. Qd2 Nc6 16. f4 exf4 17. Bxf4 Nxf4 18. Rxf4 Nd4 19. Raf1 f5 20. e3 fxe4 21. exd4 Qxd4+ 22. Kh1 Be6 23. Bxe4 Rxf4 24. Rxf4 Qd7 25. Qc2 Rf8 26. Qf2 Bf6 27. b3 Rf7 28. Qf3 Bg5 29. Ne5 Rxf4 30. gxf4 Qc7 31. Qh5 g6 32. Qxg5 1-0

[Event "HUN-chT2 Toth 0405"]
[Site "Hungary"]
[Date "2004.11.21"]
[Round "3"]
[White "Gosztolya, Ferenc"]
[Black "Juhasz, Laszlo"]
[Result "0-1"]
[WhiteElo "2185"]
[BlackElo "2227"]
[PlyCount "80"]
[EventDate "2004.09.26"]
[EventType "team"]
[EventRounds "11"]
[EventCountry "HUN"]
[SourceTitle "EXT 2009"]
[Source "ChessBase"]
[SourceDate "2008.11.26"]
[SourceVersion "1"]
[SourceVersionDate "2008.11.26"]
[SourceQuality "1"]
[WhiteTeam "Bekes"]
[BlackTeam "GYDSE"]
[WhiteTeamCountry "HUN"]
[BlackTeamCountry "HUN"]

1. c4 c5 2. Nc3 Nf6 3. g3 d5 4. cxd5 Nxd5 5. Bg2 Nc7 6. f4 Nc6 7. Bxc6+ bxc6 8. Nf3 Nb5 9. d3 Bh3 10. Kf2 f6 11. Be3 e5 12. fxe5 Nxc3 13. bxc3 fxe5 14. Qa4 Qd5 15. Qh4 Bf5 16. Qg5 Qe6 17. Nh4 Bh3 18. Nf3 Bf5 19. Rhd1 h6 20. Qh4 Be7 21. Qa4 e4 22. dxe4 Bxe4 23. Qa5 0-0 24. Qc7 Rae8 25. Bf4 g5 26. Qe5 Qxe5 27. Bxe5 g4 28. Ke3 gxf3 29. exf3 Bxf3 30. Bf4 Bxd1 31. Rxd1 Bg5+ 32. Kf3 Bxf4 33. gxf4 Rf7 34. Rd6 Ref8 35. Rxh6 Rxf4+ 36. Kg3 Kg7 37. Rxc6 Rf3+ 38. Kg4 Rxc3 39. h4 c4 40. h5 Rc1 0-1

[Event "HUN-chT2 Toth 0304"]
[Site "Hungary"]
[Date "2003.10.05"]
[Round "2"]
[White "Toth, Gergely"]
[Black "Juhasz, Laszlo"]
[Result "0-1"]
[WhiteElo "2180"]
[BlackElo "2205"]
[PlyCount "68"]
[EventDate "2003.09.28"]
[EventType "team"]
[EventRounds "11"]
[EventCountry "HUN"]
[SourceTitle "EXT 2009"]
[Source "ChessBase"]
[SourceDate "2008.11.26"]
[SourceVersion "1"]
[SourceVersionDate "2008.11.26"]
[SourceQuality "1"]
[WhiteTeam "Bege"]
[BlackTeam "GYDSE"]
[WhiteTeamCountry "HUN"]
[BlackTeamCountry "HUN"]

1. d4 d6 2. c4 e5 3. dxe5 dxe5 4. Qxd8+ Kxd8 5. Nf3 f6 6. Nc3 Be6 7. e3 c6 8. a3 a5 9. Bd3 Nd7 10. b3 Ne7 11. Nd2 Nc5 12. Bb1 Kc7 13. Ke2 Nxb3 14. Nxb3 Bxc4+ 15. Bd3 Bxb3 16. a4 Nd5 17. Nxd5+ Bxd5 18. e4 Be6 19. Be3 Bb4 20. f4 Bg4+ 21. Kf2 Rad8 22. Bc4 Bd2 23. h3 Bxe3+ 24. Kxe3 exf4+ 25. Kxf4 Bh5 26. Be6 Rd3 27. Bg4 Bf7 28. Bf3 Rhd8 29. g4 R8d4 30. Rhe1 Bb3 31. h4 h6 32. g5 hxg5+ 33. hxg5 fxg5+ 34. Kg4 Be6+ 0-1

[Event "HUN-chT2 Toth 0203"]
[Site "Hungary"]
[Date "2003.04.06"]
[Round "10"]
[White "Manojlovic, Sava"]
[Black "Juhasz, Laszlo"]
[Result "0-1"]
[WhiteElo "2166"]
[BlackElo "2233"]
[PlyCount "36"]
[EventDate "2002.09.22"]
[EventType "team"]
[EventRounds "11"]
[EventCountry "HUN"]
[SourceTitle "EXT 2009"]
[Source "ChessBase"]
[SourceDate "2008.11.26"]
[SourceVersion "1"]
[SourceVersionDate "2008.11.26"]
[SourceQuality "1"]

1. d4 Nf6 2. Nf3 c5 3. d5 e6 4. c4 exd5 5. cxd5 d6 6. Nc3 g6 7. e4 Bg7 8. Be2 0-0 9. Nd2 Ne8 10. 0-0 f5 11. a4 f4 12. Nc4 Nd7 13. Bd2 Ne5 14. Nxe5 Bxe5 15. Rb1 Qh4 16. f3 g5 17. Be1 Qh5 18. g4 fxg3 0-1

[Event "HUN-chT2 Toth 0203"]
[Site "Hungary"]
[Date "2003.03.23"]
[Round "9"]
[White "Balatoni, Gyorgy"]
[Black "Juhasz, Laszlo"]
[Result "0-1"]
[WhiteElo "2071"]
[BlackElo "2233"]
[PlyCount "104"]
[EventDate "2002.09.22"]
[EventType "team"]
[EventRounds "11"]
[EventCountry "HUN"]
[SourceTitle "EXT 2009"]
[Source "ChessBase"]
[SourceDate "2008.11.26"]
[SourceVersion "1"]
[SourceVersionDate "2008.11.26"]
[SourceQuality "1"]

1. c4 c5 2. Nf3 Nf6 3. Nc3 d5 4. cxd5 Nxd5 5. g3 Nc6 6. Bg2 Nb6 7. 0-0 e5 8. d3 Be7 9. a3 Be6 10. b3 0-0 11. Bb2 f6 12. Rc1 Rc8 13. Nd2 Qd7 14. Nc4 Nd5 15. Nxd5 Bxd5 16. Bxd5+ Qxd5 17. Ne3 Qe6 18. a4 a6 19. Ra1 Nd4 20. Bxd4 cxd4 21. Nc4 b5 22. axb5 axb5 23. Nd2 Bb4 24. Rb1 Rc6 25. f4 exf4 26. Nf3 fxg3 27. hxg3 Qe3+ 28. Kg2 f5 29. Ng1 Rfc8 30. Rf3 Qe5 31. Qf1 g6 32. Rf4 Rc2 33. Rf2 h5 34. Nf3 Qe3 35. Ng1 Bd6 36. Rf3 Qe5 37. Re1 h4 38. Qf2 hxg3 39. Qxg3 Qxg3+ 40. Rxg3 Bxg3 41. Kxg3 Re8 42. Kf4 Kf7 43. Nf3 Rexe2 44. Rxe2 Rxe2 45. Nxd4 Rd2 46. Ke3 Rb2 47. Nxb5 Rxb3 48. Nd4 Rb1 49. Nf3 Kf6 50. Kf4 Rf1 51. d4 g5+ 52. Ke3 Rxf3+ 0-1

[Event "HUN-chT 0102"]
[Site "Hungary"]
[Date "2002.04.21"]
[Round "11"]
[White "Juhasz, Laszlo"]
[Black "Deli, Imre"]
[Result "1-0"]
[WhiteElo "2208"]
[BlackElo "2014"]
[PlyCount "45"]
[EventDate "2001.??.??"]
[EventType "team"]
[EventRounds "11"]
[EventCountry "HUN"]
[SourceTitle "EXT 2004"]
[Source "ChessBase"]
[SourceDate "2003.11.25"]
[SourceVersion "1"]
[SourceVersionDate "2003.11.25"]
[SourceQuality "1"]

1. e4 c5 2. Nf3 d6 3. c3 Nf6 4. Be2 Nc6 5. d4 cxd4 6. cxd4 e6 7. Nc3 a6 8. a4 Be7 9. 0-0 0-0 10. Be3 Bd7 11. e5 Ng4 12. Bf4 dxe5 13. dxe5 Qc7 14. h3 Nh6 15. Bxh6 gxh6 16. Qd2 Rad8 17. Rfe1 Nb4 18. Qxh6 Bc6 19. Ng5 Bxg5 20. Qxg5+ Kh8 21. Qf6+ Kg8 22. Nb5 axb5 23. Ra3 1-0

[Event "HUN-chT3 0102"]
[Site "Hungary"]
[Date "2001.12.02"]
[Round "4.3"]
[White "Juhasz, Laszlo"]
[Black "Diamant, Tibor"]
[Result "1-0"]
[WhiteElo "2191"]
[BlackElo "2128"]
[PlyCount "87"]
[EventDate "2001.09.30"]
[EventType "team"]
[EventRounds "11"]
[EventCountry "HUN"]
[SourceTitle "EXT 2004"]
[Source "ChessBase"]
[SourceDate "2003.11.25"]
[SourceVersion "1"]
[SourceVersionDate "2003.11.25"]
[SourceQuality "1"]

1. d4 Nf6 2. Nf3 e6 3. c4 b6 4. g3 Bb7 5. Bg2 Be7 6. 0-0 0-0 7. Qc2 Be4 8. Qa4 d6 9. Nc3 Bb7 10. Rd1 Nbd7 11. d5 Nc5 12. Qc2 a5 13. Nd4 e5 14. Nc6 Qd7 15. Rb1 Na6 16. a3 Bxc6 17. dxc6 Qg4 18. Nb5 Rfd8 19. Bf3 Qh3 20. Bg2 Qg4 21. Bf3 Qh3 22. Bg2 Qg4 23. Bd5 Qh3 24. f3 Nh5 25. e4 h6 26. b4 Nf6 27. Qg2 Qh5 28. Bd2 a4 29. Be3 Kf8 30. Qf2 g5 31. Rf1 Ne8 32. f4 exf4 33. gxf4 g4 34. e5 Bh4 35. Qb2 Qf5 36. Rbc1 g3 37. hxg3 Qg4 38. Qg2 Qxg3 39. Qxg3 Bxg3 40. Rf3 Bh4 41. Rh3 Be7 42. Rxh6 Kg7 43. Rh3 dxe5 44. fxe5 1-0

[Event "HUN-chT3 0102"]
[Site "Hungary"]
[Date "2001.10.14"]
[Round "2.3"]
[White "Juhasz, Laszlo"]
[Black "Kis, Gabor"]
[Result "1-0"]
[WhiteElo "2191"]
[BlackElo "2200"]
[PlyCount "109"]
[EventDate "2001.09.30"]
[EventType "team"]
[EventRounds "11"]
[EventCountry "HUN"]
[SourceTitle "EXT 2004"]
[Source "ChessBase"]
[SourceDate "2003.11.25"]
[SourceVersion "1"]
[SourceVersionDate "2003.11.25"]
[SourceQuality "1"]

1. d4 Nf6 2. Nf3 d5 3. c4 c6 4. Qc2 g6 5. g3 Bg7 6. Bg2 0-0 7. 0-0 Nbd7 8. Nbd2 b6 9. e4 dxe4 10. Nxe4 Bb7 11. Rd1 Qc8 12. Bf4 Re8 13. Nxf6+ Nxf6 14. Rd2 Nh5 15. Be3 Qc7 16. c5 b5 17. Qe4 Rad8 18. Rad1 Nf6 19. Qh4 Nd5 20. Bh6 Bf6 21. Bg5 Bh8 22. Re1 Bc8 23. Rde2 f6 24. Bh6 e6 25. Bh3 Qf7 26. Bc1 Re7 27. Qe4 Rde8 28. Bg2 Bg7 29. Qd3 a6 30. Nd2 Bh6 31. Ne4 Bxc1 32. Nd6 Qf8 33. Nxe8 Bxb2 34. Rxb2 Qxe8 35. Rbe2 f5 36. f4 Kf7 37. h4 h5 38. Bxd5 cxd5 39. Qe3 Qc6 40. Qe5 Re8 41. Kf2 a5 42. Qd6 Bd7 43. Rxe6 Rxe6 44. Rxe6 Qxd6 45. Rxd6 Be6 46. Rb6 a4 47. Rxb5 Ke7 48. Ra5 Bd7 49. Ke3 Bc6 50. Kd2 Kd7 51. Ra7+ Ke6 52. Kc3 Be8 53. Kb4 Bc6 54. Ka5 Be8 55. Kb6 1-0

[Event "Balaton op 19th"]
[Site "Balatonlelle"]
[Date "2001.09.08"]
[Round "7"]
[White "Francsics, Endre"]
[Black "Juhasz, Laszlo"]
[Result "1/2-1/2"]
[WhiteElo "2243"]
[BlackElo "2208"]
[PlyCount "20"]
[EventDate "2001.09.02"]
[EventType "swiss"]
[EventRounds "9"]
[EventCountry "HUN"]
[SourceTitle "EXT 2004"]
[Source "ChessBase"]
[SourceDate "2003.11.25"]
[SourceVersion "1"]
[SourceVersionDate "2003.11.25"]
[SourceQuality "1"]

1. d3 c5 2. g3 g6 3. Bg2 Bg7 4. e4 Nc6 5. f4 e6 6. c3 Nge7 7. Nf3 0-0 8. 0-0 b6 9. Qc2 Bb7 10. Nh4 f5 1/2-1/2

[Event "Balaton op 19th"]
[Site "Balatonlelle"]
[Date "2001.09.07"]
[Round "6"]
[White "Juhasz, Laszlo"]
[Black "Szalanczy, Emil"]
[Result "1/2-1/2"]
[WhiteElo "2208"]
[BlackElo "2348"]
[PlyCount "123"]
[EventDate "2001.09.02"]
[EventType "swiss"]
[EventRounds "9"]
[EventCountry "HUN"]
[SourceTitle "EXT 2004"]
[Source "ChessBase"]
[SourceDate "2003.11.25"]
[SourceVersion "1"]
[SourceVersionDate "2003.11.25"]
[SourceQuality "1"]

1. e4 c5 2. Nf3 g6 3. c3 Bg7 4. d4 cxd4 5. cxd4 d5 6. exd5 Nf6 7. Bb5+ Nbd7 8. d6 0-0 9. dxe7 Qxe7+ 10. Qe2 Qb4+ 11. Nc3 Re8 12. Be3 Ng4 13. 0-0 Bh6 14. a3 Qd6 15. Bf4 Rxe2 16. Bxd6 Rxb2 17. Rae1 Ngf6 18. g4 Bf8 19. Bxf8 Kxf8 20. g5 Ne8 21. Rb1 Rxb1 22. Rxb1 Nd6 23. Bd3 Nb6 24. a4 Be6 25. Ne4 Nf5 26. Nf6 Nxa4 27. Rxb7 Nd6 28. Rb4 Nc3 29. Ba6 Nd5 30. Nxd5 Bxd5 31. Ne5 Ke7 32. Ng4 Ke6 33. Ne3 Bf3 34. h4 h6 35. Kh2 hxg5 36. hxg5 Ne4 37. Bc4+ Kd6 38. Ng2 Rh8+ 39. Kg1 Nxg5 40. Ra4 Nh3+ 41. Kh2 Bc6 42. Rxa7 Nxf2+ 43. Kg3 Ne4+ 44. Kf4 f6 45. d5 Bxd5 46. Bxd5 Kxd5 47. Ne3+ Kd4 48. Ra4+ Kd3 49. Ra3+ Nc3 50. Nd5 Rh4+ 51. Kg3 Rc4 52. Nxf6 Kd4 53. Kg4 Rc5 54. Ra8 Rf5 55. Rd8+ Ke3 56. Re8+ Kd3 57. Re6 Nd1 58. Rd6+ Ke2 59. Re6+ Ne3+ 60. Kg3 g5 61. Ng4 Rf3+ 62. Kh2 1/2-1/2